000 00288nam a22001337a 4500
003 SGT
082 _a340,DIW
100 _aDIWAN,PARAS
245 _aMODERN HINDU LAW
260 _aALLAHABAD
_bALLAHABAD LAW AGENCY
_c1999
300 _a509
650 _aMODERN HINDU LAW
942 _2ddc
_cBK
999 _c10665
_d10665